000 00558nam a2200169 i 4500
001 80257
003 ES-MaACL
005 20230906174156.0
007 t|
008 041027s1968 sp ||||1| spa d
100 1 _aHidalgo, Luis.
_963574
245 1 0 _aFilomorfosis anómalas inducidas en vitis viníferas L. /
_cpor Luis Hidalgo y Manuel R. Candela.
260 _aMadrid :
_bInstituto Nacional de Investigaciones Agronómicas,
_c1968.
300 _a76 p., 4 lám. ;
_c24 cm.
700 1 _aCandela, Manuel R.
_934456
852 _aES-MaACL
_jC-46680
_bR.67175
999 _c80257
_d80257